Houston Rockets All-NBA Players - Statistics

General Stats
  • This quiz has been taken 280 times
    251 since last reset
  • The average score is 7 of 9
Answer Stats
Player % Correct
James Harden
99%
Hakeem Olajuwon
98%
Yao Ming
89%
Clyde Drexler
88%
Tracy McGrady
87%
Russell Westbrook
83%
Dwight Howard
68%
Ralph Sampson
68%
Moses Malone
65%
No matching quizzes found
Score Distribution
Percent of People with Each Score
Percentile by Number Answered
Your Score History
You have not taken this quiz since the last reset